Weebles meet the weebles ! / (Record no. 118051)

MARC details
000 -LEADER
fixed length control field 00394nam a22001577a 4500
005 - DATE AND TIME OF LATEST TRANSACTION
control field 20251108174804.0
008 - FIXED-LENGTH DATA ELEMENTS--GENERAL INFORMATION
fixed length control field 250721s2005 xx 000 0 eng d
082 14 - DEWEY DECIMAL CLASSIFICATION NUMBER
Classification number J/F/WEE
245 10 - TITLE STATEMENT
Title Weebles meet the weebles ! /
264 ## - PRODUCTION, PUBLICATION, DISTRIBUTION, MANUFACTURE, AND COPYRIGHT NOTICE
Date of production, publication, distribution, manufacture, or copyright notice 2005.
650 17 - SUBJECT ADDED ENTRY--TOPICAL TERM
Topical term or geographic name as entry element FICTION
650 17 - SUBJECT ADDED ENTRY--TOPICAL TERM
Topical term or geographic name as entry element CHILDREN
653 ## - INDEX TERM--UNCONTROLLED
Uncontrolled term أطفا ل مرحلة متوسطة(6-9)سنوات
942 ## - ADDED ENTRY ELEMENTS (KOHA)
Source of classification or shelving scheme Dewey Decimal Classification
Koha item type Books
Holdings
حالة السحب حالة الفقدان مصدر التصنيف حالة التلف غير قابل للإعارة المكتبة الرئيسية المكتبة الحالية موقع الرف تاريخ التزويد الرقم المتسلسل Total Checkouts رقم الإستدعاء الباركود تاريخ آخر ظهور تاريخ الفاتورة نوع المادة (كوها)
    Dewey Decimal Classification     مكتبة البيادر مكتبة البيادر الأطفال 07/09/2009 1297810   J/F/WEE PLD00109267 28/07/2025 07/09/2009 Books
    Dewey Decimal Classification     مكتبة ومركز فرح مكتبة ومركز فرح الأطفال 07/09/2009 1297809   J/F/WEE PLD00109266 28/07/2025 07/09/2009 Books
Implemented & Customized by: BBB with SCIT (Smart Chains for Information Technology)

Powered by Koha